Geography Quiz

Random Geography or Asia Quiz

500K+ cities in Asia (minus China and India) Quiz Stats

 Plays Quiz not verified by Sporcle

Challenge
Share
Tweet
Embed
Score 0/208 Timer 14:00
0 Plays Today
City % Correct
Tokyo, Japan
93.9%
Jakarta, Indonesia
93.3%
Seoul, South Korea
93.2%
Tehran, Iran
91.9%
Baghdad, Iraq
90.3%
Karachi, Pakistan
90.1%
Manila, Philippines
89.7%
Bangkok, Thailand
89.7%
Istanbul, Turkey
89.5%
Osaka, Japan
89.5%
Riyadh, Saudi Arabia
89.3%
Hanoi, Vietnam
88.9%
Kuala Lumpur, Malaysia
88.6%
Ankara, Turkey
88.5%
Ho Chi Minh City, Vietnam
88.3%
Dubai, United Arab Emirates
87.9%
Pyongyang, North Korea
87.7%
Dhaka, Bangladesh
87.5%
Damascus, Syria
87.2%
Jerusalem, Israel
87.1%
Singapore, Singapore
86.9%
Islamabad, Pakistan
85.9%
Kabul, Afghanistan
85.7%
Mecca, Saudi Arabia
85.7%
Lahore, Pakistan
85.4%
Taipei, Taiwan
85.4%
Abu Dhabi, United Arab Emirates
84.5%
Pusan, South Korea
84.3%
Tashkent, Uzbekistan
82.7%
Sana'a, Yemen
82.6%
Yangon, Myanmar
81.9%
Amman, Jordan
81.8%
Baku, Azerbaijan
81.5%
Astana, Kazakhstan
81%
Hiroshima, Japan
80.5%
Phnom Penh, Cambodia
80.1%
Jiddah, Saudi Arabia
80%
Sapporo, Japan
79.6%
Bishkek, Kyrgyzstan
79.5%
Kyoto, Japan
79.5%
Aleppo, Syria
79.2%
Colombo, Sri Lanka
79.1%
Doha, Qatar
78.3%
Tbilisi, Georgia
77.9%
Almaty, Kazakhstan
77.9%
Kathmandu, Nepal
77.7%
Yokohama, Japan
77.2%
Yerevan, Armenia
77.2%
Chittagong, Bangladesh
76.4%
Izmir, Turkey
75.4%
Kobe, Japan
75.4%
Nagoya, Japan
75.1%
Dushanbe, Tajikistan
74.8%
Medina, Saudi Arabia
74.6%
Ashgabat, Turkmenistan
72.9%
Mosul, Iraq
72.3%
Ulaanbaatar, Mongolia
72.3%
Surabaya, Indonesia
72.2%
Basra, Iraq
72%
Vientiane, Laos
71.7%
Quezon City, Philippines
70.8%
Incheon, South Korea
70.3%
Bandung, Indonesia
68.4%
Esfahan, Iran
67.7%
Aden, Yemen
67.1%
Medan, Indonesia
66.4%
Mashhad, Iran
65.6%
Faisalabad, Pakistan
65.3%
Taegu, South Korea
65.1%
Cebu, Philippines
64.6%
City % Correct
Hyderabad, Pakistan
64.4%
Fukuoka, Japan
63.9%
Novosibirsk, Russia
63.8%
Rawalpindi, Pakistan
62.8%
Vladivostok, Russia
61.6%
Bursa, Turkey
61.5%
Omsk, Russia
61.5%
Mandalay, Myanmar
60.9%
Tabriz, Iran
60%
Davao, Philippines
59.3%
Antalya, Turkey
58.7%
Shiraz, Iran
58%
Homs, Syria
56.9%
Peshawar, Pakistan
56.7%
Sendai, Japan
55.1%
Kaohsiung, Taiwan
54.3%
Dammam, Saudi Arabia
54%
Irkutsk, Russia
53.3%
Adana, Turkey
52.9%
Yekaterinburg, Russia
52.5%
Palembang, Indonesia
51.4%
Qom, Iran
51.3%
Gaza, Palestine
50.9%
Kawasaki, Japan
50.8%
Da Nang, Vietnam
50.2%
New Taipei, Taiwan
49.8%
Gaziantep, Turkey
49.1%
Sharjah, United Arab Emirates
47%
Arbil, Iraq
46.4%
Taichung, Taiwan
46.1%
Multan, Pakistan
46%
Quetta, Pakistan
45.8%
Konya, Turkey
45.7%
Taejon, South Korea
45.6%
Makassar, Indonesia
44.9%
Chelyabinsk, Russia
44.7%
Kirkuk, Iraq
44.4%
Krasnoyarsk, Russia
44.3%
Chiba, Japan
43.2%
Semarang, Indonesia
43.1%
Tomsk, Russia
42.9%
Haiphong, Vietnam
42%
Bekasi, Indonesia
41.3%
Denpasar, Indonesia
41.2%
Saitama, Japan
41%
Kwangju, South Korea
41%
Kitakyushu, Japan
40.7%
Niigata, Japan
40.3%
Ulsan, South Korea
40%
Tangerang, Indonesia
38.2%
Khulna, Bangladesh
37.6%
Hamamatsu, Japan
37%
Ahvaz, Iran
36.6%
Karaj, Iran
36.2%
Depok, Indonesia
35.7%
Okayama, Japan
35.6%
Kagoshima, Japan
35.5%
Gujranwala, Pakistan
35.3%
Suwon, South Korea
34.8%
Kumamoto, Japan
34.8%
Hamhung, North Korea
34.7%
Içel, Turkey
34.2%
Caloocan, Philippines
32.9%
Kerman, Iran
32.6%
Bogor, Indonesia
32.4%
Johor Bahru, Malaysia
31.8%
Batam, Indonesia
31.7%
Padang, Indonesia
31.4%
Khabarovsk, Russia
31.3%
Kayseri, Turkey
30.8%
City % Correct
Sakai, Japan
30.5%
Ipoh, Malaysia
29.9%
Can Tho, Vietnam
29.8%
Shizuoka, Japan
29.6%
Malang, Indonesia
28.8%
Diyarbakir, Turkey
28.6%
Barnaul, Russia
28.4%
Samarinda, Indonesia
27.2%
Klang, Malaysia
27.1%
Bandar Lampung, Indonesia
26.8%
Ansan, South Korea
26.7%
Matsuyama, Japan
26.6%
Bakhtaran, Iran
26.1%
Pekanbaru, Indonesia
25.9%
Balikpapan, Indonesia
25.8%
Anyang, South Korea
25.3%
Banjarmasin, Indonesia
25.1%
Karbala, Iraq
25%
Funabashi, Japan
24.9%
Pontianak, Indonesia
24.6%
Himeji, Japan
24.4%
Eskisehir, Turkey
24.2%
Changwon, South Korea
24.1%
Serang, Indonesia
24%
Kemerovo, Russia
23.9%
Ch'ongju, South Korea
23.6%
Ch'ongjin, South Korea
23.6%
Songnam, South Korea
23.3%
Koyang, South Korea
23.3%
Rasht, Iran
23%
Chonju, South Korea
23%
Sagamihara, Japan
22.3%
Tangerang Selatan, Indonesia
22.2%
Bien Hoa, Vietnam
22.2%
Puch'on, South Korea
21.8%
Valenzuela, Philippines
21.8%
Symkent, Kazakhstan
21.7%
Pasig, Philippines
21.6%
Tyumen, Russia
20.9%
Zahedan, Iran
20.8%
Jambi, Indonesia
20.7%
Tainang, Taiwan
20.3%
Antipolo, Philippines
20.3%
Tagig, Philippines
20.3%
Hofuf, Saudi Arabia
20.1%
Tabuk, Saudi Arabia
20%
Novokuznetsk, Russia
19.2%
Kawaguchi, Japan
19%
Makati, Philippines
18.4%
Gebze, Turkey
18.3%
Cagayan de Oro, Philippines
17.9%
Higashiosaka, Japan
17.4%
Las Piñas, Philippines
17.3%
Yong-in, South Korea
17.2%
An-Najaf, Iraq
17.2%
P'ohang, South Korea
17%
As-Sulaymaniyah, Iraq
16.4%
Tasikmalaya, Indonesia
15.9%
Ch'onan, South Korea
15.9%
At-Ta'if, Saudi Arabia
15.6%
Hachioji, Japan
15.5%
Dasmariñas, Philippines
15.4%
Utsunomiya, Japan
15.3%
Cimahi, Indonesia
14.2%
Parañaque, Philippines
14.1%
An-Nasiriyah, Iraq
12.6%
Mikum, South Korea
11.3%
Reza'iyeh, Iran
9.7%

You're not logged in!

Compare scores with friends on all Sporcle quizzes.
Join for Free
OR
Log In

You Might Also Like...

Show Comments

Extras

Top Quizzes Today


Score Distribution

Your Account Isn't Verified!

In order to create a playlist on Sporcle, you need to verify the email address you used during registration. Go to your Sporcle Settings to finish the process.

Report this User

Report this user for behavior that violates our Community Guidelines.

Details: